| 000 | 00917cam a22002533a 4500 | ||
|---|---|---|---|
| 001 | 10620 | ||
| 003 | PGUSA | ||
| 005 | 20140828083227.0 | ||
| 008 | 040101s2004||||xxu|||||s|||||000 | eng d | ||
| 040 |
_aPGUSA _beng |
||
| 042 | _adc | ||
| 050 | 4 | _aPR | |
| 100 | 1 |
_aFletcher, John, _d1579-1625 |
|
| 245 | 1 | 4 |
_aThe Works of Francis Beaumont and John Fletcher in Ten Volumes : _bVolume I. _h[electronic resource] / _cJohn Fletcher |
| 260 |
_bProject Gutenberg, _c2004 |
||
| 505 | 0 | _aThe maids tragedy -- Philaster: or, love lies a bleeding -- A king, and no king -- The scornful lady, a comedy -- The custom of the country. | |
| 506 | _aPublic domain in the USA. | ||
| 516 | _aElectronic text | ||
| 653 | _aEnglish drama -- Early modern and Elizabethan, 1500-1600 | ||
| 700 | 1 |
_aGlover, Arnold, _d1865-1905 |
|
| 830 | 0 |
_aProject Gutenberg _v10620 |
|
| 856 | 4 | 0 | _uhttp://www.gutenberg.org/ebooks/10620 |
| 942 | _cEB | ||
| 999 |
_c239875 _d239875 |
||